000
00400nam a2200133Ia 4500
008
100328s9999 xx 000 0 und d
082
_b
72386
100
_a
ओक सुनेत्रा.
245
_a
दरवळ आठवणींचा
260
_b
अक्षता.
630
_a
दरवळ आठवणींचा
730
_a
दरवळ आठवणींचा
942
_c
BOOK
999
_c
558107
_d
558104